Normal view MARC view

Entry Meeting Name

Number of records used in: 1

001 - CONTROL NUMBER

  • control field: 15870

003 - CONTROL NUMBER IDENTIFIER

  • control field: OSt

005 - DATE AND TIME OF LATEST TRANSACTION

  • control field: 20211105133956.0

008 - FIXED-LENGTH DATA ELEMENTS

  • fixed length control field: 211105|| aca||aabn | a|a d

040 ## - CATALOGING SOURCE

  • Original cataloging agency: OSt
  • Transcribing agency: OSt

111 ## - HEADING--MEETING NAME

  • Meeting name or jurisdiction name as entry element: Santa Cruz Summer Workshop on Astronomy and Astrophysics
  • Number of part/section/meeting: 9th
  • Location of meeting: Lick Observatory, USA
  • Date of meeting or treaty signing: 1987 July 13-24

670 ## - SOURCE DATA FOUND

  • Source citation: Work cat.: (OSt): Robinson, L. B. 15869, Instrumentation for ground-based optical astronomy, 1988

Powered by Koha